Equidad y protección social: desafíos de políticas sociales en América Latina /
El documento consiste en una compilación de artículos en torno al tema de los conflictos sociales e inquietudes que sufren las familias latinoamericanas, con respecto a la pobreza. Analizando, programas sociales, procesos de reforma social, políticas sociales, reformas de salud de algunos países de...
Gardado en:
| Autor Principal: | |
|---|---|
| Outros autores: | , , , , , , , , , , , , |
| Formato: | Desconocido |
| Publicado: |
Santiago:
LOM Ediciones
2004
|
| Materias: | |
| Etiquetas: |
Engadir etiqueta
Sen Etiquetas, Sexa o primeiro en etiquetar este rexistro!
|
MARC
| LEADER | 00000 a2200000 04500 | ||
|---|---|---|---|
| 001 | 35231 | ||
| 003 | cru CIDCACS/IIS | ||
| 005 | 20230707101447.0 | ||
| 008 | 991231e2004 cl d | ||
| 020 | |a [sin ISBN] | ||
| 022 | |a [sin ISBN] | ||
| 040 | |a CRAI/IIS |c CRAI/IIS | ||
| 090 | |a 02.02.01 H268e | ||
| 100 | |a Amadeo, Eduardo | ||
| 245 | |a Equidad y protección social: desafíos de políticas sociales en América Latina / |c Eduardo Amadeo | ||
| 260 | |a Santiago: |b LOM Ediciones |c 2004 | ||
| 300 | |a 334 páginas | ||
| 520 | |a El documento consiste en una compilación de artículos en torno al tema de los conflictos sociales e inquietudes que sufren las familias latinoamericanas, con respecto a la pobreza. Analizando, programas sociales, procesos de reforma social, políticas sociales, reformas de salud de algunos países de América Latina, así como experiencias de superación de la pobreza. | ||
| 650 | |a EDUCACION | ||
| 650 | |a UNIVERSIDADES | ||
| 650 | |a GASTOS | ||
| 650 | |a FINANCIAMIENTO | ||
| 650 | |a INFORMACION | ||
| 650 | |a CONOCIMIENTO | ||
| 650 | |a AMERICA LATINA | ||
| 650 | |a GRADUACIONES | ||
| 650 | |a INGRESO | ||
| 650 | |a ESCUELA | ||
| 650 | |a EDUCACION SECUNDARIA | ||
| 650 | |a ESTUDIANTES | ||
| 700 | |a Astelarra, Francisco | ||
| 700 | |a Berdegué, Julio | ||
| 700 | |a Bertín, Hugo | ||
| 700 | |a Brunner, José Joaquín | ||
| 700 | |a Faria, Regina | ||
| 700 | |a Hardy, Clarisa | ||
| 700 | |a Raczynski, Dagmar | ||
| 700 | |a Ruiz - Tagle, Jaime | ||
| 700 | |a Sandoval, Hernán | ||
| 700 | |a Schejtman, Alexander | ||
| 700 | |a Schwartzman, Simón | ||
| 700 | |a Serra, José | ||
| 700 | |a Serrano, Claudia | ||
| 942 | |2 ddc |c LI |h 02.02.01 H268e |i 03021 |6 020201_H268E_03021 | ||
| 999 | |c 3325 |d 3325 | ||
